01165naa a2200217 i 4500001000400000003000400004005001700008008003900025040000800064080001100072100015100083245017700234260001000411500002100421520019900442650003000641650001900671773023100690942001300921999001300934BPPBPK20160606135045.0151006s2004 pl f |000 0 pol cBPK a005.57 aTEREBECKI, Mariusz.d1996 - .bPolitechnika Koszalińska - Wydział Ekonomii i Zarządzania,cKatedra Metod Ilościowych - Zakład Ekonometrii  aInformatyczne wspomaganie w małych przedsiębiorstwach taksówkowych jako alternatywa względem rozbudowanych cyfrowych systemów komunikacyjnych /cMariusz Terebecki. c2004. aDane z autopsji. aPraca ma za zadanie pokazać, iż przy niewielkim nakładzie kosztów można efektywnie zarządzać taborem taksówek na takim rynku, który może nawet obsługiwać polską "wieś". aKomunikacja wewnętrzna. 0aZarządzanie. iW :tTeoria i praktyka modelowania systemów logistycznych. -dKoszalin : Wydaw. Uczelniane Politechniki Koszalińskiej, 2004. -gs. 442-450kMonografia Wydziału Ekonomii i Zarządzania / Politechnika Koszalińska ; nr 99 cART2UKD c593d593